000 00251nam a2200097Ia 4500
008 120527s9999 xx 000 0 und d
100 _aBloom,A. etal
245 _aA colour atlass of diabetes 2nd edition
260 _bWotte publishing Ltd.
942 _cBK
999 _c14813
_d14813